<?xml version="1.0" encoding="UTF-8"?>
<collection xmlns:xsi="http://www.w3.org/2001/XMLSchema-instance" xsi:schemaLocation="http://www.loc.gov/MARC21/slim http://www.loc.gov/standards/marcxml/schema/MARC21slim.xsd" xmlns="http://www.loc.gov/MARC21/slim">
 <record>
  <leader>00000cmm a22000004a 4500</leader>
  <controlfield tag="001">UP-99796217611443745</controlfield>
  <controlfield tag="003">Buklod</controlfield>
  <controlfield tag="005">20230214151626.0</controlfield>
  <controlfield tag="006">m     o  j        </controlfield>
  <controlfield tag="007">cr |n |||auu|a</controlfield>
  <controlfield tag="008">110121s2011    enk        u        eng d</controlfield>
  <datafield tag="020" ind1=" " ind2=" ">
   <subfield code="a">9781444340747 (eBook)</subfield>
  </datafield>
  <datafield tag="035" ind1=" " ind2=" ">
   <subfield code="a">(iLib)UPD-00235506004</subfield>
  </datafield>
  <datafield tag="040" ind1=" " ind2=" ">
   <subfield code="a">DLC</subfield>
   <subfield code="d">DML</subfield>
  </datafield>
  <datafield tag="041" ind1="0" ind2=" ">
   <subfield code="a">eng</subfield>
  </datafield>
  <datafield tag="042" ind1=" " ind2=" ">
   <subfield code="a">DMLUC</subfield>
  </datafield>
  <datafield tag="084" ind1=" " ind2=" ">
   <subfield code="a">PN 4833</subfield>
   <subfield code="b">P37 2011eb</subfield>
  </datafield>
  <datafield tag="245" ind1="0" ind2="0">
   <subfield code="a">Participatory journalism</subfield>
   <subfield code="b">guarding open gates at online newspapers</subfield>
   <subfield code="h">[electronic resource]</subfield>
   <subfield code="c">Jane B. Singer ... [et al.].</subfield>
  </datafield>
  <datafield tag="264" ind1=" " ind2="1">
   <subfield code="a">Malden, MA</subfield>
   <subfield code="b">Wiley-Blackwell</subfield>
   <subfield code="c">2011.</subfield>
  </datafield>
  <datafield tag="300" ind1=" " ind2=" ">
   <subfield code="a">1 online resource (xi, 227 p.)</subfield>
   <subfield code="b">ill.</subfield>
  </datafield>
  <datafield tag="506" ind1=" " ind2=" ">
   <subfield code="a">IP-based subscription, access limited to within on-campus computer network.</subfield>
   <subfield code="c">Access via Electronic Resources of the UPD University Library Website.</subfield>
  </datafield>
  <datafield tag="520" ind1=" " ind2=" ">
   <subfield code="a">Who makes the news in a digital age? Recent years have seen a dramatic change in the relationship between online media and the audience, and user-generated content is much more widely employed. The media space and control over what it contains are shared by bloggers, social networking pages, as well as traditional news outlets. Such an environment requires a dramatic conceptual and practical shift for journalists, who face a rapid and radical decline in their power to oversee the flow of information. The ability to productively incorporate user contributions within traditional media spaces is becoming a vital skill. This book is based on a collaborative research project by a team of journalism scholars from Europe, North America and Israel. It provides insights into how journalists at websites affiliated with leading national newspapers in ten Western democracies are thinking about, and dealing with, the inclusion of content produced and published by the people once viewed simply as the audience. The journalist's control over media space, which was based to a large extent on their access to the means of disseminating information, has evaporated, and the space is now open to everyone. Participatory Journalism goes right to the heart of what journalists do, what journalism is, and what the role of news is in contemporary democratic society that has gone digital. - Provided by publisher.</subfield>
  </datafield>
  <datafield tag="533" ind1=" " ind2=" ">
   <subfield code="a">Electronic reproduction.</subfield>
   <subfield code="b">Wiley</subfield>
   <subfield code="c">Wiley &amp; Sons, Inc.</subfield>
   <subfield code="d">2011.</subfield>
   <subfield code="n">Available via World Wide Web through Wiley Online Library.</subfield>
  </datafield>
  <datafield tag="650" ind1=" " ind2="0">
   <subfield code="a">Electronic newspapers.</subfield>
  </datafield>
  <datafield tag="650" ind1=" " ind2="0">
   <subfield code="a">Online journalism.</subfield>
  </datafield>
  <datafield tag="650" ind1=" " ind2="0">
   <subfield code="a">Citizen journalism.</subfield>
  </datafield>
  <datafield tag="650" ind1=" " ind2="0">
   <subfield code="a">Electronic books.</subfield>
  </datafield>
  <datafield tag="700" ind1="1" ind2=" ">
   <subfield code="a">Singer, Jane B.</subfield>
   <subfield code="d">1955-.</subfield>
  </datafield>
  <datafield tag="730" ind1="0" ind2=" ">
   <subfield code="a">Wiley Online Library (Online service).</subfield>
  </datafield>
  <datafield tag="842" ind1=" " ind2=" ">
   <subfield code="a">Electronic Resource</subfield>
  </datafield>
  <datafield tag="856" ind1="4" ind2="0">
   <subfield code="y">Available for University of the Philippines Diliman via Wiley Online Library. Click here to access</subfield>
   <subfield code="u">http://dx.doi.org/10.1002/9781444340747</subfield>
  </datafield>
  <datafield tag="905" ind1=" " ind2=" ">
   <subfield code="a">FO</subfield>
  </datafield>
  <datafield tag="950" ind1=" " ind2=" ">
   <subfield code="a">Monograph</subfield>
  </datafield>
  <datafield tag="852" ind1="0" ind2=" ">
   <subfield code="a">UPD</subfield>
   <subfield code="b">DMLR</subfield>
  </datafield>
  <datafield tag="942" ind1=" " ind2=" ">
   <subfield code="a">Electronic Resource</subfield>
  </datafield>
 </record>
</collection>
